Property hazards (Record no. 80131)

MARC details
000 -LEADER
fixed length control field 01116cab a22002055a 4500
001 - CONTROL NUMBER
control field L143282
008 - FIXED-LENGTH DATA ELEMENTS--GENERAL INFORMATION
fixed length control field 080423s2008 xxk f 000 0 eng d
035 ## - SYSTEM CONTROL NUMBER
System control number (Sirsi) u143282
041 0# - LANGUAGE CODE
Language code of text/sound track or separate title eng
100 1# - MAIN ENTRY--PERSONAL NAME
Personal name Ives, Paul
245 00 - TITLE STATEMENT
Title Property hazards
Remainder of title and the landlord's duty of care
260 ## - PUBLICATION, DISTRIBUTION, ETC.
Date of publication, distribution, etc. 2008
490 ## - SERIES STATEMENT
Series statement Letting Update Journal
Volume/sequential designation 16(1) April 2008, 18-21(4)
520 ## - SUMMARY, ETC.
Summary, etc. Considers the issue of landlord negligence and the duty of care towards tenants. Describes the rule of caveat emptor which states that the consumer of products should be first expected to anticipate the causes of their actions. Reviews major landmark cases which have eroded this virtual immunity of landlords and vendors. Examines the rule of foreseeability and the reasonable man test. Discusses issues and cases related to design and construction, common parts of properties, disrepair, knowledge and contributory negligence, damages and nuisance claims.
590 ## - LOCAL NOTE (RLIN)
Local note KA
651 #4 - SUBJECT ADDED ENTRY--GEOGRAPHIC NAME
Geographic name United Kingdom
Chronological subdivision
690 ## - LOCAL SUBJECT ADDED ENTRY--TOPICAL TERM (OCLC, RLIN)
Topical term or geographic name as entry element PROPERTY-RESIDENTIAL PROPERTY-RESIDENTIAL PROPERTY MANAGEMENT
700 1# - ADDED ENTRY--PERSONAL NAME
Personal name Hopkins, Phillip
942 ## - ADDED ENTRY ELEMENTS (KOHA)
Suppress in OPAC 0
Holdings
Withdrawn status Lost status Source of classification or shelving scheme Damaged status Not for loan Home library Current library Shelving location Date acquired Total Checkouts Full call number Barcode Date last seen Copy number Price effective from Koha item type
    Dewey Decimal Classification     London London Journal article 23/04/2008   L143282 143282-1001 06/08/2019 1 06/08/2019 Journal article